书目信息 |
| 题名: |
参考工作导论
|
|
| 作者: | W·A·卡茨 著 ;戴隆基 译 | |
| 分册: | ||
| 出版信息: | 北京 书目文献出版社 1986.10 |
|
| 页数: | 482页 | |
| 开本: | 20cm | |
| 丛书名: | ||
| 单 册: | ||
| 中图分类: | G252.6 | |
| 科图分类: | ||
| 主题词: | 图书馆学 , 图书馆事业 | |
| 电子资源: | ||
| ISBN: | ||
| 000 | 00757nam0 2200241 45 | |
| 001 | 0303140952 | |
| 005 | 20031219104106.8 | |
| 010 | @dCNY2.70 | |
| 091 | @a7201.94 | |
| 100 | @a20030314d1986 km y0chiy0120 ea | |
| 101 | 0 | @achi@ceng |
| 105 | @a z 000yy | |
| 200 | 1 | @a参考工作导论@ACan Kao Gong Zuo Dao Lun@e基本参考工具书@EJi Ben Can KaoGong Ju Shu@f(美)W·A·卡茨著@F(Mei)W·A·Ka Ci Zhu@g戴隆基等译 |
| 210 | @a北京@c书目文献出版社@d1986.10 | |
| 215 | @a482页@d20cm | |
| 517 | @a基本参考工具书@AJi Ben Can Kao Gong Ju Shu | |
| 606 | 0 | @a图书馆学 |
| 606 | 0 | @a图书馆事业 |
| 690 | @aG252.6@v3 | |
| 701 | 0 | @aW·A·卡茨@4著 |
| 702 | 0 | @a戴隆基@ADai Long Ji@4译 |
| 801 | @aCN@bTSTC@c20030314 | |
| 905 | @dG252.6@e1@f3@b168408-410@f1@b167042 | |
| 参考工作导论:基本参考工具书/(美)W·A·卡茨著/戴隆基等译.-北京:书目文献出版社,1986.10 |
| 482页;20cm |
| ISBN :CNY2.70 |
| ● |
| 相关链接 |
|
|
|
|
正题名:参考工作导论
索取号:G252.6/1
 
预约/预借
| 序号 | 登录号 | 条形码 | 馆藏地/架位号 | 状态 | 备注 |
| 1 | 0167038 | 000500693 | 密集书库/ [索取号:G252.6/1] | 在馆 | |
| 2 | 0167039 | 000500684 | 第一样本阅览室/ [索取号:G252.6/1] | 在馆 | |
| 3 | 0167040 | 000500700 | 密集书库/ [索取号:G252.6/1] | 在馆 | |
| 4 | 0167041 | 000500719 | 密集书库/ [索取号:G252.6/1] | 在馆 | |
| 5 | 0167042 | 001766770 | 密集书库/ [索取号:G252.6/1] | 在馆 | |
| 6 | 0168408 | 001766690 | 密集书库/ [索取号:G252.6/1] | 在馆 | |
| 7 | 0168409 | 001766654 | 密集书库/ [索取号:G252.6/1] | 在馆 | |
| 8 | 0168410 | 001766734 | 密集书库/ [索取号:G252.6/1] | 在馆 |